000
00329nam a22001337a 4500
008
250506b |||||||| |||| 00| 0 eng d
020
_a
0435994018
050
_a
AJ1949
_b
.A44
100
_a
AlHakim Tewfik
245
_a
Fate Of a Cockroach
260
_a
Nairobi
_b
Heinemann Educational books
_c
1991
300
_a
184p.
942
_c
BK
999
_c
3313
_d
3313